<?xml version="1.0" encoding="UTF-8"?>
<record
    xmlns:xsi="http://www.w3.org/2001/XMLSchema-instance"
    xsi:schemaLocation="http://www.loc.gov/MARC21/slim http://www.loc.gov/standards/marcxml/schema/MARC21slim.xsd"
    xmlns="http://www.loc.gov/MARC21/slim">

  <leader>00269nam a22001217a 4500</leader>
  <datafield tag="999" ind1=" " ind2=" ">
    <subfield code="c">33076</subfield>
    <subfield code="d">33076</subfield>
  </datafield>
  <datafield tag="082" ind1=" " ind2=" ">
    <subfield code="a">574.192 HAR</subfield>
  </datafield>
  <datafield tag="100" ind1=" " ind2=" ">
    <subfield code="a">Harvy (Acc.No 19860-19894)</subfield>
  </datafield>
  <datafield tag="245" ind1=" " ind2=" ">
    <subfield code="a">Lippincotts illustrated Biochemistry </subfield>
  </datafield>
  <datafield tag="260" ind1=" " ind2=" ">
    <subfield code="c">1994</subfield>
  </datafield>
  <datafield tag="300" ind1=" " ind2=" ">
    <subfield code="a">443</subfield>
  </datafield>
  <datafield tag="650" ind1=" " ind2=" ">
    <subfield code="a">Biochemistry</subfield>
  </datafield>
  <datafield tag="942" ind1=" " ind2=" ">
    <subfield code="c">BK</subfield>
  </datafield>
  <datafield tag="952" ind1=" " ind2=" ">
    <subfield code="0">0</subfield>
    <subfield code="1">0</subfield>
    <subfield code="4">0</subfield>
    <subfield code="7">0</subfield>
    <subfield code="a">PUMHS</subfield>
    <subfield code="b">LEN</subfield>
    <subfield code="d">2019-10-24</subfield>
    <subfield code="h">365</subfield>
    <subfield code="o">574.192 HAR</subfield>
    <subfield code="p">19860</subfield>
    <subfield code="r">2019-10-24</subfield>
    <subfield code="w">2019-10-24</subfield>
    <subfield code="y">BK</subfield>
  </datafield>
  <datafield tag="952" ind1=" " ind2=" ">
    <subfield code="0">0</subfield>
    <subfield code="1">0</subfield>
    <subfield code="4">0</subfield>
    <subfield code="7">0</subfield>
    <subfield code="a">PUMHS</subfield>
    <subfield code="b">LEN</subfield>
    <subfield code="d">2019-10-24</subfield>
    <subfield code="h">365</subfield>
    <subfield code="o">574.192 HAR</subfield>
    <subfield code="p">19861</subfield>
    <subfield code="r">2019-10-24</subfield>
    <subfield code="w">2019-10-24</subfield>
    <subfield code="y">BK</subfield>
  </datafield>
  <datafield tag="952" ind1=" " ind2=" ">
    <subfield code="0">0</subfield>
    <subfield code="1">0</subfield>
    <subfield code="4">0</subfield>
    <subfield code="7">0</subfield>
    <subfield code="a">PUMHS</subfield>
    <subfield code="b">LEN</subfield>
    <subfield code="d">2019-10-24</subfield>
    <subfield code="h">365</subfield>
    <subfield code="o">574.192 HAR</subfield>
    <subfield code="p">19862</subfield>
    <subfield code="r">2019-10-24</subfield>
    <subfield code="w">2019-10-24</subfield>
    <subfield code="y">BK</subfield>
  </datafield>
  <datafield tag="952" ind1=" " ind2=" ">
    <subfield code="0">0</subfield>
    <subfield code="1">0</subfield>
    <subfield code="4">0</subfield>
    <subfield code="7">0</subfield>
    <subfield code="a">PUMHS</subfield>
    <subfield code="b">LEN</subfield>
    <subfield code="d">2019-10-24</subfield>
    <subfield code="h">365</subfield>
    <subfield code="o">574.192 HAR</subfield>
    <subfield code="p">19863</subfield>
    <subfield code="r">2019-10-24</subfield>
    <subfield code="w">2019-10-24</subfield>
    <subfield code="y">BK</subfield>
  </datafield>
  <datafield tag="952" ind1=" " ind2=" ">
    <subfield code="0">0</subfield>
    <subfield code="1">0</subfield>
    <subfield code="4">0</subfield>
    <subfield code="7">0</subfield>
    <subfield code="a">PUMHS</subfield>
    <subfield code="b">LEN</subfield>
    <subfield code="d">2019-10-24</subfield>
    <subfield code="h">365</subfield>
    <subfield code="o">574.192 HAR</subfield>
    <subfield code="p">19864</subfield>
    <subfield code="r">2019-10-24</subfield>
    <subfield code="w">2019-10-24</subfield>
    <subfield code="y">BK</subfield>
  </datafield>
  <datafield tag="952" ind1=" " ind2=" ">
    <subfield code="0">0</subfield>
    <subfield code="1">0</subfield>
    <subfield code="4">0</subfield>
    <subfield code="7">0</subfield>
    <subfield code="a">PUMHS</subfield>
    <subfield code="b">LEN</subfield>
    <subfield code="d">2019-10-24</subfield>
    <subfield code="h">365</subfield>
    <subfield code="o">574.192 HAR</subfield>
    <subfield code="p">19865</subfield>
    <subfield code="r">2019-10-24</subfield>
    <subfield code="w">2019-10-24</subfield>
    <subfield code="y">BK</subfield>
  </datafield>
  <datafield tag="952" ind1=" " ind2=" ">
    <subfield code="0">0</subfield>
    <subfield code="1">0</subfield>
    <subfield code="4">0</subfield>
    <subfield code="7">0</subfield>
    <subfield code="a">PUMHS</subfield>
    <subfield code="b">LEN</subfield>
    <subfield code="d">2019-10-24</subfield>
    <subfield code="h">365</subfield>
    <subfield code="o">574.192 HAR</subfield>
    <subfield code="p">19866</subfield>
    <subfield code="r">2019-10-24</subfield>
    <subfield code="w">2019-10-24</subfield>
    <subfield code="y">BK</subfield>
  </datafield>
  <datafield tag="952" ind1=" " ind2=" ">
    <subfield code="0">0</subfield>
    <subfield code="1">0</subfield>
    <subfield code="4">0</subfield>
    <subfield code="7">0</subfield>
    <subfield code="a">PUMHS</subfield>
    <subfield code="b">LEN</subfield>
    <subfield code="d">2019-10-24</subfield>
    <subfield code="h">365</subfield>
    <subfield code="o">574.192 HAR</subfield>
    <subfield code="p">19867</subfield>
    <subfield code="r">2019-10-24</subfield>
    <subfield code="w">2019-10-24</subfield>
    <subfield code="y">BK</subfield>
  </datafield>
  <datafield tag="952" ind1=" " ind2=" ">
    <subfield code="0">0</subfield>
    <subfield code="1">0</subfield>
    <subfield code="4">0</subfield>
    <subfield code="7">0</subfield>
    <subfield code="a">PUMHS</subfield>
    <subfield code="b">LEN</subfield>
    <subfield code="d">2019-10-24</subfield>
    <subfield code="h">365</subfield>
    <subfield code="o">574.192 HAR</subfield>
    <subfield code="p">19868</subfield>
    <subfield code="r">2019-10-24</subfield>
    <subfield code="w">2019-10-24</subfield>
    <subfield code="y">BK</subfield>
  </datafield>
  <datafield tag="952" ind1=" " ind2=" ">
    <subfield code="0">0</subfield>
    <subfield code="1">0</subfield>
    <subfield code="4">0</subfield>
    <subfield code="7">0</subfield>
    <subfield code="a">PUMHS</subfield>
    <subfield code="b">LEN</subfield>
    <subfield code="d">2019-10-24</subfield>
    <subfield code="h">365</subfield>
    <subfield code="o">574.192 HAR</subfield>
    <subfield code="p">19869</subfield>
    <subfield code="r">2019-10-24</subfield>
    <subfield code="w">2019-10-24</subfield>
    <subfield code="y">BK</subfield>
  </datafield>
  <datafield tag="952" ind1=" " ind2=" ">
    <subfield code="0">0</subfield>
    <subfield code="1">0</subfield>
    <subfield code="4">0</subfield>
    <subfield code="7">0</subfield>
    <subfield code="a">PUMHS</subfield>
    <subfield code="b">LEN</subfield>
    <subfield code="d">2019-10-24</subfield>
    <subfield code="h">365</subfield>
    <subfield code="o">574.192 HAR</subfield>
    <subfield code="p">19870</subfield>
    <subfield code="r">2019-10-24</subfield>
    <subfield code="w">2019-10-24</subfield>
    <subfield code="y">BK</subfield>
  </datafield>
  <datafield tag="952" ind1=" " ind2=" ">
    <subfield code="0">0</subfield>
    <subfield code="1">0</subfield>
    <subfield code="4">0</subfield>
    <subfield code="7">0</subfield>
    <subfield code="a">PUMHS</subfield>
    <subfield code="b">LEN</subfield>
    <subfield code="d">2019-10-24</subfield>
    <subfield code="h">365</subfield>
    <subfield code="o">574.192 HAR</subfield>
    <subfield code="p">19871</subfield>
    <subfield code="r">2019-10-24</subfield>
    <subfield code="w">2019-10-24</subfield>
    <subfield code="y">BK</subfield>
  </datafield>
  <datafield tag="952" ind1=" " ind2=" ">
    <subfield code="0">0</subfield>
    <subfield code="1">0</subfield>
    <subfield code="4">0</subfield>
    <subfield code="7">0</subfield>
    <subfield code="a">PUMHS</subfield>
    <subfield code="b">LEN</subfield>
    <subfield code="d">2019-10-24</subfield>
    <subfield code="h">365</subfield>
    <subfield code="o">574.192 HAR</subfield>
    <subfield code="p">19872</subfield>
    <subfield code="r">2019-10-24</subfield>
    <subfield code="w">2019-10-24</subfield>
    <subfield code="y">BK</subfield>
  </datafield>
  <datafield tag="952" ind1=" " ind2=" ">
    <subfield code="0">0</subfield>
    <subfield code="1">0</subfield>
    <subfield code="4">0</subfield>
    <subfield code="7">0</subfield>
    <subfield code="a">PUMHS</subfield>
    <subfield code="b">LEN</subfield>
    <subfield code="d">2019-10-24</subfield>
    <subfield code="h">365</subfield>
    <subfield code="o">574.192 HAR</subfield>
    <subfield code="p">19873</subfield>
    <subfield code="r">2019-10-24</subfield>
    <subfield code="w">2019-10-24</subfield>
    <subfield code="y">BK</subfield>
  </datafield>
  <datafield tag="952" ind1=" " ind2=" ">
    <subfield code="0">0</subfield>
    <subfield code="1">0</subfield>
    <subfield code="4">0</subfield>
    <subfield code="7">0</subfield>
    <subfield code="a">PUMHS</subfield>
    <subfield code="b">LEN</subfield>
    <subfield code="d">2019-10-24</subfield>
    <subfield code="h">365</subfield>
    <subfield code="o">574.192 HAR</subfield>
    <subfield code="p">19874</subfield>
    <subfield code="r">2019-10-24</subfield>
    <subfield code="w">2019-10-24</subfield>
    <subfield code="y">BK</subfield>
  </datafield>
  <datafield tag="952" ind1=" " ind2=" ">
    <subfield code="0">0</subfield>
    <subfield code="1">0</subfield>
    <subfield code="4">0</subfield>
    <subfield code="7">0</subfield>
    <subfield code="a">PUMHS</subfield>
    <subfield code="b">LEN</subfield>
    <subfield code="d">2019-10-24</subfield>
    <subfield code="h">365</subfield>
    <subfield code="o">574.192 HAR</subfield>
    <subfield code="p">19875</subfield>
    <subfield code="r">2019-10-24</subfield>
    <subfield code="w">2019-10-24</subfield>
    <subfield code="y">BK</subfield>
  </datafield>
  <datafield tag="952" ind1=" " ind2=" ">
    <subfield code="0">0</subfield>
    <subfield code="1">0</subfield>
    <subfield code="4">0</subfield>
    <subfield code="7">0</subfield>
    <subfield code="a">PUMHS</subfield>
    <subfield code="b">LEN</subfield>
    <subfield code="d">2019-10-24</subfield>
    <subfield code="h">365</subfield>
    <subfield code="o">574.192 HAR</subfield>
    <subfield code="p">19876</subfield>
    <subfield code="r">2019-10-24</subfield>
    <subfield code="w">2019-10-24</subfield>
    <subfield code="y">BK</subfield>
  </datafield>
  <datafield tag="952" ind1=" " ind2=" ">
    <subfield code="0">0</subfield>
    <subfield code="1">0</subfield>
    <subfield code="4">0</subfield>
    <subfield code="7">0</subfield>
    <subfield code="a">PUMHS</subfield>
    <subfield code="b">LEN</subfield>
    <subfield code="d">2019-10-24</subfield>
    <subfield code="h">365</subfield>
    <subfield code="o">574.192 HAR</subfield>
    <subfield code="p">19877</subfield>
    <subfield code="r">2019-10-24</subfield>
    <subfield code="w">2019-10-24</subfield>
    <subfield code="y">BK</subfield>
  </datafield>
  <datafield tag="952" ind1=" " ind2=" ">
    <subfield code="0">0</subfield>
    <subfield code="1">0</subfield>
    <subfield code="4">0</subfield>
    <subfield code="7">0</subfield>
    <subfield code="a">PUMHS</subfield>
    <subfield code="b">LEN</subfield>
    <subfield code="d">2019-10-24</subfield>
    <subfield code="h">365</subfield>
    <subfield code="o">574.192 HAR</subfield>
    <subfield code="p">19878</subfield>
    <subfield code="r">2019-10-24</subfield>
    <subfield code="w">2019-10-24</subfield>
    <subfield code="y">BK</subfield>
  </datafield>
  <datafield tag="952" ind1=" " ind2=" ">
    <subfield code="0">0</subfield>
    <subfield code="1">0</subfield>
    <subfield code="4">0</subfield>
    <subfield code="7">0</subfield>
    <subfield code="a">PUMHS</subfield>
    <subfield code="b">LEN</subfield>
    <subfield code="d">2019-10-24</subfield>
    <subfield code="h">365</subfield>
    <subfield code="o">574.192 HAR</subfield>
    <subfield code="p">19879</subfield>
    <subfield code="r">2019-10-24</subfield>
    <subfield code="w">2019-10-24</subfield>
    <subfield code="y">BK</subfield>
  </datafield>
  <datafield tag="952" ind1=" " ind2=" ">
    <subfield code="0">0</subfield>
    <subfield code="1">0</subfield>
    <subfield code="4">0</subfield>
    <subfield code="7">0</subfield>
    <subfield code="a">PUMHS</subfield>
    <subfield code="b">LEN</subfield>
    <subfield code="d">2019-10-24</subfield>
    <subfield code="h">365</subfield>
    <subfield code="o">574.192 HAR</subfield>
    <subfield code="p">19880</subfield>
    <subfield code="r">2019-10-24</subfield>
    <subfield code="w">2019-10-24</subfield>
    <subfield code="y">BK</subfield>
  </datafield>
  <datafield tag="952" ind1=" " ind2=" ">
    <subfield code="0">0</subfield>
    <subfield code="1">0</subfield>
    <subfield code="4">0</subfield>
    <subfield code="7">0</subfield>
    <subfield code="a">PUMHS</subfield>
    <subfield code="b">LEN</subfield>
    <subfield code="d">2019-10-24</subfield>
    <subfield code="h">365</subfield>
    <subfield code="o">574.192 HAR</subfield>
    <subfield code="p">19881</subfield>
    <subfield code="r">2019-10-24</subfield>
    <subfield code="w">2019-10-24</subfield>
    <subfield code="y">BK</subfield>
  </datafield>
  <datafield tag="952" ind1=" " ind2=" ">
    <subfield code="0">0</subfield>
    <subfield code="1">0</subfield>
    <subfield code="4">0</subfield>
    <subfield code="7">0</subfield>
    <subfield code="a">PUMHS</subfield>
    <subfield code="b">LEN</subfield>
    <subfield code="d">2019-10-24</subfield>
    <subfield code="h">365</subfield>
    <subfield code="o">574.192 HAR</subfield>
    <subfield code="p">19882</subfield>
    <subfield code="r">2019-10-24</subfield>
    <subfield code="w">2019-10-24</subfield>
    <subfield code="y">BK</subfield>
  </datafield>
  <datafield tag="952" ind1=" " ind2=" ">
    <subfield code="0">0</subfield>
    <subfield code="1">0</subfield>
    <subfield code="4">0</subfield>
    <subfield code="7">0</subfield>
    <subfield code="a">PUMHS</subfield>
    <subfield code="b">LEN</subfield>
    <subfield code="d">2019-10-24</subfield>
    <subfield code="h">365</subfield>
    <subfield code="o">574.192 HAR</subfield>
    <subfield code="p">19883</subfield>
    <subfield code="r">2019-10-24</subfield>
    <subfield code="w">2019-10-24</subfield>
    <subfield code="y">BK</subfield>
  </datafield>
  <datafield tag="952" ind1=" " ind2=" ">
    <subfield code="0">0</subfield>
    <subfield code="1">0</subfield>
    <subfield code="4">0</subfield>
    <subfield code="7">0</subfield>
    <subfield code="a">PUMHS</subfield>
    <subfield code="b">LEN</subfield>
    <subfield code="d">2019-10-24</subfield>
    <subfield code="h">365</subfield>
    <subfield code="o">574.192 HAR</subfield>
    <subfield code="p">19884</subfield>
    <subfield code="r">2019-10-24</subfield>
    <subfield code="w">2019-10-24</subfield>
    <subfield code="y">BK</subfield>
  </datafield>
  <datafield tag="952" ind1=" " ind2=" ">
    <subfield code="0">0</subfield>
    <subfield code="1">0</subfield>
    <subfield code="4">0</subfield>
    <subfield code="7">0</subfield>
    <subfield code="a">PUMHS</subfield>
    <subfield code="b">LEN</subfield>
    <subfield code="d">2019-10-24</subfield>
    <subfield code="h">365</subfield>
    <subfield code="o">574.192 HAR</subfield>
    <subfield code="p">19885</subfield>
    <subfield code="r">2019-10-24</subfield>
    <subfield code="w">2019-10-24</subfield>
    <subfield code="y">BK</subfield>
  </datafield>
  <datafield tag="952" ind1=" " ind2=" ">
    <subfield code="0">0</subfield>
    <subfield code="1">0</subfield>
    <subfield code="4">0</subfield>
    <subfield code="7">0</subfield>
    <subfield code="a">PUMHS</subfield>
    <subfield code="b">LEN</subfield>
    <subfield code="d">2019-10-24</subfield>
    <subfield code="h">365</subfield>
    <subfield code="o">574.192 HAR</subfield>
    <subfield code="p">19886</subfield>
    <subfield code="r">2019-10-24</subfield>
    <subfield code="w">2019-10-24</subfield>
    <subfield code="y">BK</subfield>
  </datafield>
  <datafield tag="952" ind1=" " ind2=" ">
    <subfield code="0">0</subfield>
    <subfield code="1">0</subfield>
    <subfield code="4">0</subfield>
    <subfield code="7">0</subfield>
    <subfield code="a">PUMHS</subfield>
    <subfield code="b">LEN</subfield>
    <subfield code="d">2019-10-24</subfield>
    <subfield code="h">365</subfield>
    <subfield code="o">574.192 HAR</subfield>
    <subfield code="p">19887</subfield>
    <subfield code="r">2019-10-24</subfield>
    <subfield code="w">2019-10-24</subfield>
    <subfield code="y">BK</subfield>
  </datafield>
  <datafield tag="952" ind1=" " ind2=" ">
    <subfield code="0">0</subfield>
    <subfield code="1">0</subfield>
    <subfield code="4">0</subfield>
    <subfield code="7">0</subfield>
    <subfield code="a">PUMHS</subfield>
    <subfield code="b">LEN</subfield>
    <subfield code="d">2019-10-24</subfield>
    <subfield code="h">365</subfield>
    <subfield code="o">574.192 HAR</subfield>
    <subfield code="p">19888</subfield>
    <subfield code="r">2019-10-24</subfield>
    <subfield code="w">2019-10-24</subfield>
    <subfield code="y">BK</subfield>
  </datafield>
  <datafield tag="952" ind1=" " ind2=" ">
    <subfield code="0">0</subfield>
    <subfield code="1">0</subfield>
    <subfield code="4">0</subfield>
    <subfield code="7">0</subfield>
    <subfield code="a">PUMHS</subfield>
    <subfield code="b">LEN</subfield>
    <subfield code="d">2019-10-24</subfield>
    <subfield code="h">365</subfield>
    <subfield code="o">574.192 HAR</subfield>
    <subfield code="p">19889</subfield>
    <subfield code="r">2019-10-24</subfield>
    <subfield code="w">2019-10-24</subfield>
    <subfield code="y">BK</subfield>
  </datafield>
  <datafield tag="952" ind1=" " ind2=" ">
    <subfield code="0">0</subfield>
    <subfield code="1">0</subfield>
    <subfield code="4">0</subfield>
    <subfield code="7">0</subfield>
    <subfield code="a">PUMHS</subfield>
    <subfield code="b">LEN</subfield>
    <subfield code="d">2019-10-24</subfield>
    <subfield code="h">365</subfield>
    <subfield code="o">574.192 HAR</subfield>
    <subfield code="p">19890</subfield>
    <subfield code="r">2019-10-24</subfield>
    <subfield code="w">2019-10-24</subfield>
    <subfield code="y">BK</subfield>
  </datafield>
  <datafield tag="952" ind1=" " ind2=" ">
    <subfield code="0">0</subfield>
    <subfield code="1">0</subfield>
    <subfield code="4">0</subfield>
    <subfield code="7">0</subfield>
    <subfield code="a">PUMHS</subfield>
    <subfield code="b">LEN</subfield>
    <subfield code="d">2019-10-24</subfield>
    <subfield code="h">365</subfield>
    <subfield code="o">574.192 HAR</subfield>
    <subfield code="p">19891</subfield>
    <subfield code="r">2019-10-24</subfield>
    <subfield code="w">2019-10-24</subfield>
    <subfield code="y">BK</subfield>
  </datafield>
  <datafield tag="952" ind1=" " ind2=" ">
    <subfield code="0">0</subfield>
    <subfield code="1">0</subfield>
    <subfield code="4">0</subfield>
    <subfield code="7">0</subfield>
    <subfield code="a">PUMHS</subfield>
    <subfield code="b">LEN</subfield>
    <subfield code="d">2019-10-24</subfield>
    <subfield code="h">365</subfield>
    <subfield code="o">574.192 HAR</subfield>
    <subfield code="p">19892</subfield>
    <subfield code="r">2019-10-24</subfield>
    <subfield code="w">2019-10-24</subfield>
    <subfield code="y">BK</subfield>
  </datafield>
  <datafield tag="952" ind1=" " ind2=" ">
    <subfield code="0">0</subfield>
    <subfield code="1">0</subfield>
    <subfield code="4">0</subfield>
    <subfield code="7">0</subfield>
    <subfield code="a">PUMHS</subfield>
    <subfield code="b">PUMHS</subfield>
    <subfield code="d">2019-10-24</subfield>
    <subfield code="h">365</subfield>
    <subfield code="l">1</subfield>
    <subfield code="o">574.192 HAR</subfield>
    <subfield code="p">19893</subfield>
    <subfield code="r">2020-02-12</subfield>
    <subfield code="s">2019-10-31</subfield>
    <subfield code="w">2019-10-24</subfield>
    <subfield code="y">BK</subfield>
  </datafield>
  <datafield tag="952" ind1=" " ind2=" ">
    <subfield code="0">0</subfield>
    <subfield code="1">0</subfield>
    <subfield code="4">0</subfield>
    <subfield code="7">0</subfield>
    <subfield code="a">PUMHS</subfield>
    <subfield code="b">LEN</subfield>
    <subfield code="d">2019-10-24</subfield>
    <subfield code="h">365</subfield>
    <subfield code="o">574.192 HAR</subfield>
    <subfield code="p">19894</subfield>
    <subfield code="r">2019-10-24</subfield>
    <subfield code="w">2019-10-24</subfield>
    <subfield code="y">BK</subfield>
  </datafield>
</record>
